| 000 | 00386nam a2200133 a 4500 | ||
|---|---|---|---|
| 005 | 20140414131859.0 | ||
| 008 | 100913s19uu xx 00 eng d | ||
| 050 |
_aFIL 152.7 _bT15 2006 |
||
| 100 | _aTan, Earnest L. | ||
| 245 |
_aHeart sense : _byour guide to emotional wellness. |
||
| 260 |
_aQuezon City, Philippines : _bSpiritus Works, _c2008. |
||
| 650 | _aEmotions | ||
| 999 |
_c110594 _d110594 |
||